158 - Nés(es) un 7 juin. - Statistiques

Statistiques générales
  • Ce quiz a été pris 17 fois
  • Le résultat moyen est 5 sur 23
Statistiques - réponses
Hint Année de naisssance Réponse % Correct
Acteur britannico-américain, connu pour son rôle dans la trilogie "Taken". 1952 Liam Neeson
64%
Acteur français qui a joué dans "Case départ" et "Le Crocodile du Botswanga". 1977 Fabrice Éboué
45%
Chanteur sud-africain surnommé "le Zoulou blanc". Sa chanson la plus célèbre est Asimbonanga, 1953 Johnny Clegg
45%
Artiste américain ayant très souvent changé de nom de scène. Son plus gros succès reste l'album "Purple Rain". 1958 Prince
45%
Ancien secrétaire général du Parti communiste français, il restera dans les mémoires grâce à son parlé inimitable et avoir demandé à sa femme, Liliane, "de faire ses valises". 1920 Georges Marchais
36%
Peintre postimpressionniste français décédé aux Îles Marquise en 1903. 1848 Paul Gauguin
36%
Ancien soldat britannique reconverti dans la présentation d'émissions TV dans lesquelles il partage des techniques de survie comme celle de boire son urine. 1974 Bear Grylls
27%
Mannequin, actrice et auteure américaine née à Londres. Elle participa au clip "Blurred Lines". 1991 Emily Ratajkowski
27%
Ténor franco-italien. Il se produisit dans "La Bohème" avec Angela Gheorghiu. 1963 Roberto Alagna
27%
Chanteur français, principalement connu pour son titre "Le Jerk". 1962 Thierry Hazard
27%
Joueur de basketball américain surnommé "The Answer". Il joua notamment pour 76ers de Philadelphie et les Nuggets de Denver. 1975 Allen Iverson
18%
Joueur de football brésilien, Sao Paulo FC, l'AS Rome ainsi que l'AC Milan. Double vainqueur de la coupe du monde. 1970 Cafu
18%
Acteur et chanteur/crooner américain, membre du groupe "The Rat Pack", il fut surnommé "The King Of Cool". 1917 Dean Martin
18%
Ecrivaine mettant très souvent en scène le commissaire Adamsberg. 1957 Fred Vargas
18%
Homme politique américain, vice-président des États-Unis de 2017 à 2021. 1959 Mike Pence
18%
Joueuse de tennis russe, qui remporta 16 titres dont deux Open d'Australie en 1999 et 2002 avec Martina Hingis avant d'entamer une carrière de mannequin. 1981 Anna Kournikova
9%
Pilote moto et automobile français, il présenta la première saison de l'émission "Koh-Lanta". 1952 Hubert Auriol
9%
Réalisateur et scénariste américain connu pour "Chambre avec vue" ainsi que les "Vestiges du Jour". 1928 James Ivory
9%
Écrivain turc, Prix Nobel de littérature de 2006. 1952 Orhan Pamuk
9%
Dirigeant de la chaîne TF1, il se fît connaître du grand public en déclarant « Ce que nous vendons à Coca-Cola, c'est du temps de cerveau humain disponible ». 1942 Patrick Le Lay
9%
Acteur américain ayant joué dans "Il était une fois en Amérique" et "Rock". 1955 William Forsythe
9%
Homme d'État hongrois, membre du Parti communiste, il fut exécuté en 1958 après l'insurrection populaire hongroise de 1956. 1896 Imre Nagy
0%
Il fut le premier ministre du Canada du 30 juin au 16 septembre 1984. 1929 John Turner
0%
Aucun quiz correspondant
Distribution des résultats
% des personnes avec chaque résultat
Percentile par nombre de réponses
Votre historique - résultats
Vous n’avez pas pris ce quiz